[Event "San Sebastian de los Reyes op 16th"]
[Site "San Sebastian"]
[Date "2014.11.30"]
[Round "1"]
[White "Largo Barbero, Benito"]
[Black "Asins Martin, Jose"]
[Result "1-0"]
[WhiteElo "1929"]
[BlackElo "1264"]
[PlyCount "85"]
[EventDate "2014.11.30"]
[EventType "swiss"]
[EventRounds "9"]
[EventCountry "ESP"]
[SourceTitle "CBM 163 Extra"]
[Source "ChessBase"]
[SourceDate "2014.12.23"]
[SourceVersion "1"]
[SourceVersionDate "2014.12.23"]
[SourceQuality "1"]

1. e4 c5 2. Nc3 e6 3. g3 Qc7 4. Bg2 Nf6 5. d3 Be7 6. Nge2 Nc6 7. Bf4 d6 8. Qd2 e5 9. Bg5 0-0 10. f4 Qb6 11. f5 h6 12. Bxf6 Bxf6 13. h4 Ne7 14. 0-0-0 Kh8 15. g4 Ng8 16. g5 Be7 17. gxh6 Nxh6 18. Bf3 Qd8 19. Rdg1 Bf6 20. Nd5 Rg8 21. Ng3 Kh7 22. Nh5 Qf8 23. Ndxf6+ gxf6 24. Nxf6+ Kh8 25. Nxg8 Nxg8 26. Qg5 Bd7 27. f6 Qh6 28. Kd1 Kh7 29. Qg7+ Qxg7 30. Rxg7+ Kh8 31. Rxf7 Be6 32. Rxb7 Nxf6 33. Rg1 Rg8 34. Rxg8+ Nxg8 35. Rxa7 Nh6 36. Ra6 Kg7 37. Rxd6 Bxa2 38. b3 Nf7 39. Rd7 Kf6 40. Rxf7+ Kxf7 41. Kc1 Kf6 42. Kb2 Bxb3 43. cxb3 1-0